Plus, plus tôt... (notice n° 1667223)
[ vue normale ]
| 000 -LEADER | |
|---|---|
| fixed length control field | 01035cam a2200229 4500500 |
| 005 - DATE AND TIME OF LATEST TRANSACTION | |
| control field | 20260222003222.0 |
| 041 ## - LANGUAGE CODE | |
| Language code of text/sound track or separate title | fre |
| 042 ## - AUTHENTICATION CODE | |
| Authentication code | dc |
| 100 10 - MAIN ENTRY--PERSONAL NAME | |
| Personal name | Guillemot, Jean-Yves |
| Relator term | author |
| 245 00 - TITLE STATEMENT | |
| Title | Plus, plus tôt... |
| 260 ## - PUBLICATION, DISTRIBUTION, ETC. | |
| Date of publication, distribution, etc. | 2008.<br/> |
| 500 ## - GENERAL NOTE | |
| General note | 27 |
| 520 ## - SUMMARY, ETC. | |
| Summary, etc. | RésuméRéflexions autour de « temps d’accueils thérapeutiques partiels », mis en place au cmp de l’antenne Rangueil du centre de guidance infantile de Toulouse, entre 2002 et 2006, autour d’enfants petits, entre trois et six ans.Insistance sur quelques étayages théoriques qui ont soutenu cette expérience, notamment les apports des écrits du professeur Jacques Hochmann. |
| 690 ## - LOCAL SUBJECT ADDED ENTRY--TOPICAL TERM (OCLC, RLIN) | |
| Topical term or geographic name as entry element | contenant |
| 690 ## - LOCAL SUBJECT ADDED ENTRY--TOPICAL TERM (OCLC, RLIN) | |
| Topical term or geographic name as entry element | pathologies limites |
| 690 ## - LOCAL SUBJECT ADDED ENTRY--TOPICAL TERM (OCLC, RLIN) | |
| Topical term or geographic name as entry element | pluridisciplinarité |
| 690 ## - LOCAL SUBJECT ADDED ENTRY--TOPICAL TERM (OCLC, RLIN) | |
| Topical term or geographic name as entry element | rêverie maternelle |
| 690 ## - LOCAL SUBJECT ADDED ENTRY--TOPICAL TERM (OCLC, RLIN) | |
| Topical term or geographic name as entry element | séparation/liaison |
| 690 ## - LOCAL SUBJECT ADDED ENTRY--TOPICAL TERM (OCLC, RLIN) | |
| Topical term or geographic name as entry element | soin à temps partiel |
| 786 0# - DATA SOURCE ENTRY | |
| Note | Empan | 69 | 1 | 2008-05-19 | p. 107-114 | 1152-3336 |
| 856 41 - ELECTRONIC LOCATION AND ACCESS | |
| Uniform Resource Identifier | <a href="https://shs.cairn.info/revue-empan-2008-1-page-107?lang=fr&redirect-ssocas=7080">https://shs.cairn.info/revue-empan-2008-1-page-107?lang=fr&redirect-ssocas=7080</a> |
Pas d'exemplaire disponible.




Réseaux sociaux